| 000 | 00451nam a2200181Ia 4500 | ||
|---|---|---|---|
| 001 | 24782 | ||
| 005 | 20260414151106.0 | ||
| 008 | 260414t1997||||xx |||||||||||||| ||spa|| | ||
| 041 | _aESP | ||
| 082 |
_a345.733 _bS743 |
||
| 100 |
_aSiguas Rivas, Julián _eAUT |
||
| 245 | 0 |
_aCompetencia notarial en asuntos no contenciosos _b |
|
| 260 | _c1997 | ||
| 300 |
_a369 páginas : _c20 cm. |
||
| 650 | _aDER | ||
| 654 | _aCDE | ||
| 942 |
_cLIB _dJUS _fJUS _2ddc _n |
||
| 999 |
_c24782 _d24782 |
||